| 000 | 00586nam a2200181 i 4500 | ||
|---|---|---|---|
| 001 | 88199 | ||
| 003 | ES-MaACL | ||
| 005 | 20230906175822.0 | ||
| 007 | t| | ||
| 008 | 050103s1947 ag ||||1| spa d | ||
| 100 | 1 |
_aLahr, C. _969657 |
|
| 245 | 1 | 0 |
_aCurso de Filosofía / _cC. Lahr ; traducción revisada y ampliada por Ismael Quiles. |
| 250 | _a26ª ed. castellana. | ||
| 260 |
_aBuenos Aires : _bAngel Estrada y Cia, _c[1947] ( _fTalleres Gráficos Edit. Estrada) |
||
| 300 |
_a2 v. : _bil. ; _c22 cm. |
||
| 700 | 1 |
_aQuiles, Ismael. _994622 |
|
| 852 |
_aES-MaACL _jF-5178-79 _bR.26734 |
||
| 999 |
_c88199 _d88199 |
||